000 01502 a2200229 4500
001 41932
005 20260407155710.0
008 260407a1976 arg spa d
003 AR-UNSa-BCEJYS
040 _aAR-UNSa-BCEJYS
_bspa
_cAR-UNSa-BCEJYS
080 _a16
_xLógica. Epistemología. Teoría del conocimiento
245 1 0 _aIntroducción a la lógica y al método científico
250 _a4a. ed.
264 1 _aBuenos Aires :
_bAmorrortu Editores
_c1976
300 _a2 v. (268 ; 284 p.)
_c20 cm.
505 _aVol. I: Lógica formal: 1. El objeto de estudio de la lógica - 2. El análisis de las proposiciones - 3. Las relaciones entre las proposiciones - 4. El silogismo categórico - 5. Silogismos hipotéticos, alternativos y disyuntivos - 6. Lógica generalizada o matemática - 7. La naturaleza de un sistema lógico o matemático - 8. La inferencia probable - 9. Algunos problemas lógicos -- Vol. II: Lógica aplicada y método científico: 10. La lógica aplicada y el método de la ciencia - 11. Las hipótesis y el método científico - 12. Clasificación y definición - 13. Los métodos de la investigación experimental - 14. Probabilidad e inducción - 15. La mediación - 16. Métodos estadísticos - 17. La inferencia probable en la historia y campos afines - 18. La lógica y la evaluación crítica - 19. Falacias - 20. Conclusión
041 _aspa
942 _cBK
590 _aniveau_biblio:m niveau_hierar:0
100 1 _aNagel, Ernest
700 1 _aCohen, Morris R.
999 _c3550
_d3550